000 00446nam a22001697a 4500
003 OSt
005 20221117100850.0
008 221117b |||||||| |||| 00| 0 eng d
040 _cDLC
050 _bED26L
082 _bED26L
100 _aEdwards, Joel
245 _aLord, Make Us One -But Not All The Same:
_bSeeking Unity in Diversity/
_cJoel, Edwards
260 _aLondon:
_bHodder & Stoughton,
_c1999.
300 _a196p.
942 _2ddc
_cBK
999 _c11017
_d11017